Behind the Glitz : (Record no. 15623)

MARC details
000 -LEADER
fixed length control field 01088nam a22002657a 4500
005 - DATE AND TIME OF LATEST TRANSACTION
control field 20080923102150.0
008 - FIXED-LENGTH DATA ELEMENTS--GENERAL INFORMATION
fixed length control field 080923t xxu||||| |||| 00| 0 eng d
010 ## - LCCN (DPL NO)
LC control number ENG-91057
020 ## - INTERNATIONAL STANDARD BOOK NUMBER
Terms of availability 80.00
International Standard Book Number 9788186017616
035 ## - SYSTEM CONTROL NUMBER
System control number EN-74590
035 ## - SYSTEM CONTROL NUMBER
System control number G-001361
037 ## - SOURCE OF ACQUISITION
Source of stock number/acquisition DBAD / PUB
040 ## - CATALOGING SOURCE
Original cataloging agency dpl
Language of cataloging English
082 ## - DEWEY DECIMAL CLASSIFICATION NUMBER
Classification number 791.43
100 ## - MAIN ENTRY--PERSONAL NAME
Personal name Bhowmik, Someswar
9 (RLIN) 34218
245 ## - TITLE STATEMENT
Title Behind the Glitz :
Statement of responsibility, etc by Someswar Bhowmik
Remainder of title exploring an enigma called Indian film industry /
260 ## - PUBLICATION, DISTRIBUTION, ETC. (IMPRINT)
Place of publication, distribution, etc Kolkata
Name of publisher, distributor, etc Thema
Date of publication, distribution, etc 2008
270 ## - ADDRESS
City Kolkata
Address 46 Satish Mukherjee Road,
Postal code 700026
300 ## - PHYSICAL DESCRIPTION
Extent xi, 115p.
Dimensions 22cm (pbk)
500 ## - GENERAL NOTE
General note Includes bibliographical references
650 ## - SUBJECT ADDED ENTRY--TOPICAL TERM
Topical term or geographic name as entry element Motion picture industry
Geographic subdivision India
9 (RLIN) 34219
942 ## - ADDED ENTRY ELEMENTS (KOHA)
Source of classification or shelving scheme Dewey Decimal Classification
Item type English Books
Call number suffix BHO
Classification part 791.43
Holdings
Withdrawn status Lost status Source of classification or shelving scheme Damaged status Not for loan Collection code Home library Current library Date acquired Cost, normal purchase price Total Checkouts Full call number Barcode Date last seen Copy number Cost, replacement price Koha item type Source of acquisition
    Dewey Decimal Classification   Not For Loan Non-fiction D.B.Act.Division D.B.Act.Division 23/09/2008 80.00   791.43 BHO EN-74590 23/09/2008 1 80.00 English Books  
    Dewey Decimal Classification     Non-fiction Janak Puri Janak Puri 02/09/2011 80.00   791.43 BHO G-001361 02/09/2011 1 80.00 English Books bppd/gift

© Delhi Public Library
Hit Counter
free hit counter